[Event "Polar Capital Jersey Open"]
[Site "St Clement Bay JCI"]
[Date "2018.03.31"]
[Round "1.3"]
[White "Klingher, Dominic"]
[Black "Pruijssers, Roeland"]
[Result "0-1"]
[BlackTitle "GM"]
[WhiteElo "2173"]
[BlackElo "2523"]
[WhiteFideId "428850"]
[BlackFideId "1013068"]
[EventDate "2018.03.31"]

1. e4 e5 2. Nc3 Nf6 3. Bc4 Nc6 4. d3 Bb4 5. Bg5 h6 6. Bh4 d6 7. Ne2 Be6 8. O-O
g5 9. Bg3 h5 10. h4 Ng4 11. Nd5 gxh4 12. Bh2 Ba5 13. d4 Qg5 14. f4 Qg7 15. Qd3
exd4 16. b4 Bxd5 17. Bxd5 Bb6 18. Bxc6+ bxc6 19. e5 Rg8 20. Qf3 d5 21. Kh1 Ne3
22. Rf2 Qg4 23. Qxg4 0-1

[Event "Polar Capital Jersey Open"]
[Site "St Clement Bay JCI"]
[Date "2018.03.31"]
[Round "1.17"]
[White "Kabos, Tobias"]
[Black "Pugh, Glyn D"]
[Result "1-0"]
[WhiteTitle "FM"]
[WhiteElo "2253"]
[BlackElo "1847"]
[WhiteFideId "1010182"]
[BlackFideId "411442"]
[EventDate "2018.03.31"]

1. e4 e6 2. d4 d5 3. Nc3 Bb4 4. exd5 exd5 5. Bd3 Nc6 6. a3 Be7 7. Nf3 Bg4 8. Be3
Bf6 9. Bb5 Ne7 10. h3 Be6 11. g4 h6 12. Qd2 a6 13. Bd3 Qd7 14. Ne2 g5 15. Ng3
Rf8 16. Be2 O-O-O 17. O-O-O Kb8 18. Ne1 Rg8 19. Kb1 Nc8 20. Nd3 Nd6 21. Nc5 Qc8
22. b3 Ne4 23. Ngxe4 dxe4 24. Qc3 Bd5 25. Bc4 Rge8 26. Nxa6+ bxa6 27. Bxd5 Rxd5
28. Qxc6 Rd6 29. Qc4 Red8 30. b4 Qb7 31. Qxf7 Bxd4 32. Rxd4 Rxd4 33. Bxd4 Rxd4
34. Qf8+ Ka7 35. Qc5+ Qb6 36. Qxb6+ Kxb6 37. Kb2 Rd2 38. Re1 1-0

[Event "Polar Capital Jersey Open"]
[Site "St Clement Bay JCI"]
[Date "2018.03.31"]
[Round "1.19"]
[White "Heppell, Ian N"]
[Black "Bryant, Richard B E"]
[Result "1/2-1/2"]
[WhiteElo "2035"]
[BlackElo "1932"]
[WhiteFideId "412058"]
[BlackFideId "407267"]
[EventDate "2018.03.31"]

1. e4 e6 2. d4 d5 3. Nc3 Bb4 4. Bd3 dxe4 5. Bxe4 Nf6 6. Bg5 c5 7. Ne2 cxd4 8.
Nxd4 Bxc3+ 9. bxc3 Qa5 10. Bxf6 gxf6 11. O-O Nd7 12. Re1 O-O 13. Re3 f5 14. Qh5
Kh8 15. Rg3 Qd8 16. Bd3 Nf6 17. Qh4 Ne4 18. Qxd8 Rxd8 19. Bxe4 fxe4 20. Re1 1/2-1/2

[Event "Polar Capital Jersey Open"]
[Site "St Clement Bay JCI"]
[Date "2018.04.01"]
[Round "2.5"]
[White "Williams, Simon K"]
[Black "Kabos, Tobias"]
[Result "1-0"]
[WhiteTitle "GM"]
[BlackTitle "FM"]
[WhiteElo "2460"]
[BlackElo "2253"]
[WhiteFideId "404454"]
[BlackFideId "1010182"]
[EventDate "2018.03.31"]

1. d4 d6 2. e4 Nf6 3. Nc3 e5 4. dxe5 dxe5 5. Qxd8+ Kxd8 6. Bg5 c6 7. f4 h6 8.
Bxf6+ gxf6 9. f5 Bb4 10. Ne2 Ke7 11. a3 Bd6 12. Nc1 Nd7 13. Nb3 a5 14. a4 b6 15.
Kf2 Bb7 16. Kf3 Nc5 17. Nxc5 Bxc5 18. Bc4 Rab8 19. Rhd1 Bb4 20. Ne2 Rhd8 21. c3
Bc5 22. Ng3 Ba8 23. Ke2 Bb7 24. Nf1 Bd6 25. Ne3 h5 26. Rd3 Bc5 27. Rdd1 Bd6 28.
Kf3 Bc5 29. Nf1 Bd6 30. Rd2 Bc5 31. Rad1 Rxd2 32. Rxd2 Bc8 33. Be2 Bd7 34. h4 b5
35. axb5 cxb5 36. Ne3 Bxe3 37. Kxe3 Rh8 38. Rd1 Bc6 39. Rh1 Kd6 40. g4 hxg4 41.
Bxg4 Ke7 42. h5 b4 43. cxb4 axb4 44. Bf3 Ba4 45. Ra1 Bc2 46. Ra7+ Kf8 47. Be2
Rh7 48. Rb7 b3 49. Rb4 Kg7 50. Rb8 Kh6 51. Bf3 Rg7 52. Kf2 Rg5 53. Rb7 Rg7 54.
Rb6 Kg5 55. Kg3 Rh7 56. Rb8 Kh6 57. Kh4 Kg7 58. Rb7 Kh6 59. Kg3 Rg7+ 60. Kf2 Kg5
61. Ke3 Kh6 62. Rd7 Kg5 63. Be2 Kh6 64. Rd6 Kg5 65. Rb6 Rh7 66. Rc6 Rg7 67. Bd3
Bd1 68. h6 Rh7 69. Rc1 Bg4 70. Rc8 Kxh6 71. Rg8 Rg7 72. Rxg7 Kxg7 73. Kd2 Kf8
74. Bc4 Bf3 75. Bd5 Ke7 76. Kc3 Kd6 77. Kxb3 Kc5 78. Kc3 Kb5 79. Bc4+ Kc5 80.
Bd3 Bd1 81. b4+ Kd6 82. Kc4 Ba4 83. b5 Bd1 84. Kb4 Bf3 85. Ka5 Kc7 86. Ka6 Kb8
87. Kb6 Bd1 88. Bc4 Bc2 89. Bd5 Bd3 90. Kc6 Kc8 91. b6 Ba6 92. Kd6 Bb7 93. Bxb7+ 1-0

[Event "Polar Capital Jersey Open"]
[Site "St Clement Bay JCI"]
[Date "2018.04.03"]
[Round "5.1"]
[White "Merry, Alan B"]
[Black "Vakhidov, Jakhongir"]
[Result "1-0"]
[WhiteTitle "IM"]
[BlackTitle "GM"]
[WhiteElo "2436"]
[BlackElo "2542"]
[WhiteFideId "418811"]
[BlackFideId "14201801"]
[EventDate "2018.03.31"]

1. e4 c5 2. Nf3 d6 3. Bb5+ Nd7 4. c3 Nf6 5. Qe2 a6 6. Ba4 b5 7. Bc2 Bb7 8. d4 g6
9. Nbd2 cxd4 10. cxd4 Bg7 11. O-O O-O 12. Nb3 a5 13. Bg5 h6 14. Bh4 Nh5 15. Rfe1
b4 16. a4 Re8 17. Qe3 Qb6 18. Nfd2 e5 19. d5 Nf4 20. Nc4 Qc7 21. Nbd2 g5 22. Bg3
f5 23. f3 Rf8 24. Rac1 fxe4 25. fxe4 Rf6 26. Bd1 Qd8 27. Bg4 Ra6 28. Nb3 Nf8 29.
Qd2 N8g6 30. Bf2 h5 31. Bd1 Nh4 32. Nbxa5 Bc8 33. Nc6 Qf8 34. Bxh4 gxh4 35. Ne3
Bh6 36. Ne7+ Qxe7 37. Rxc8+ Kh7 38. Qc2 Rf7 39. Nf5 Qg5 40. Bf3 b3 41. Qxb3 Raa7
42. Kh1 h3 43. g3 Ng2 44. Qb8 Bg7 45. Nxg7 Qxg7 46. Bxg2 hxg2+ 47. Kxg2 Qf6 48.
Rc2 Rxa4 49. Qb3 Ra8 50. Qd3 h4 51. gxh4 Qxh4 52. Re3 Ra1 53. Rh3 Rg7+ 54. Qg3
Rg1+ 55. Kf2 1-0

[Event "Polar Capital Jersey Open"]
[Site "St Clement Bay JCI"]
[Date "2018.04.06"]
[Round "8.7"]
[White "Eggleston, David J"]
[Black "Wadsworth, Matthew J"]
[Result "0-1"]
[WhiteTitle "IM"]
[BlackTitle "FM"]
[WhiteElo "2409"]
[BlackElo "2354"]
[WhiteFideId "412120"]
[BlackFideId "415804"]
[EventDate "2018.03.31"]

1. d4 Nf6 2. Nf3 c5 3. c3 e6 4. Bf4 Nc6 5. e3 d5 6. Nbd2 Bd6 7. Bg3 O-O 8. Bb5
Qe7 9. Bxc6 bxc6 10. Qa4 cxd4 11. cxd4 Bd7 12. Bxd6 Qxd6 13. O-O Rfb8 14. Nb3
Ne4 15. Ne5 Be8 16. Qa6 Rb6 17. Qa5 Rb5 18. Qe1 c5 19. f3 Nf6 20. Qc3 cxd4 21.
exd4 Rab8 22. Rf2 Qb6 23. Rb1 Qa6 24. Nc1 Rc8 25. Qd2 Nd7 26. Nxd7 Bxd7 27. b3
Qb6 28. a3 e5 29. dxe5 Bf5 30. Rb2 d4 31. g4 Bg6 32. f4 Be4 33. Ne2 Rd8 34. Ng3
Bb7 35. b4 d3 36. a4 Rbd5 37. b5 Rd4 38. a5 Qc5 39. h3 Qd5 40. Kh2 g6 41. h4 Rc4
42. a6 Ba8 43. Qe3 Rdc8 44. Rbd2 Rd4 45. Rf1 Rc2 46. Rd1 Rcc4 47. Rf1 Qd7 48. f5
Qd5 49. e6 fxe6 50. Qxe6+ Qxe6 51. fxe6 Rc7 52. Kh3 Bd5 53. Re1 Re7 54. b6 axb6
55. a7 Kg7 56. Re5 Ba8 57. Re3 Ra4 58. Rdxd3 Raxa7 59. Rd6 b5 60. Ne2 b4 61. Nd4
Ra3 62. Nb3 Bb7 63. Rd7 Kf8 64. Rd8+ Kg7 65. g5 Bc6 66. Rd6 Ba4 67. Rdd3 Bxb3
68. Rxb3 Rxb3 69. Rxb3 Rb7 70. Kg4 Kf8 71. Kf4 Ke7 72. Ke5 Rb5+ 73. Kd4 Kxe6 74.
Kc4 Rb7 75. Kc5 Rb8 76. Kc6 Rc8+ 77. Kb5 Kf5 78. Ka4 Rc4 79. Rh3 Kg4 80. Rh1 Kh5
81. Kb3 Rxh4 82. Rg1 Rg4 83. Rh1+ Kxg5 84. Rxh7 Rf4 0-1